000 00263nam a2200109Ia 4500
008 190216s9999||||xx |||||||||||||| ||und||
100 _aSree Kandan Nair C N
245 0 _aNashta Kachavadam
260 _bM S Book Depot
650 _aMalayalam Nadakam
942 _cBK
999 _c24030
_d24030